000 00567nam a2200217Ia 4500
003 OSt
005 20220928145335.0
006 a|||||r|||| 00| 0
007 ta
008 220927b |||||||| |||| 00| 0 eng d
024 _a80349
037 _cTextual
040 _aSDCL
_cSDCL
_beng
041 _2eng
_aeng
082 _aD6515:4, N4
100 _aChristou Aris
_9512731
245 0 _aIntegrating rediability into micro electronics manufacturing
260 _c1994
942 _hD6515:4, N4
_cTEXL
_2CC
999 _c833383
_d833383